| 000 | 00472nam a2200181Ia 4500 | ||
|---|---|---|---|
| 999 |
_c28978 _d28978 |
||
| 003 | OSt | ||
| 005 | 20250523105405.0 | ||
| 008 | 250310s9999||||xx |||||||||||||| ||und|| | ||
| 040 | _c. | ||
| 082 |
_a530.0202 _bK862 |
||
| 100 |
_95909 _aKoshkin, N. I. |
||
| 245 | 0 |
_aHandbook of elementary physics / _cN. I. Koshkin and M. G. Shirkevich |
|
| 250 | _a3rd ed. | ||
| 260 |
_aMoscow : _bMir publishers, _c1977. |
||
| 300 | _a272 p. | ||
| 650 | 0 |
_936 _aPhysics |
|
| 942 |
_cBK _2ddc |
||